000 00640nam a22001937a 4500
999 _c16715
_d16715
003 AR-CdUCM
008 190504b ||||| |||| 00| 0 spa d
040 _aMUNICIPALIDAD PROVINCIAL DEL CUSCO
_cBIBLIOTECA MUNICIPAL DEL CUSCO
082 _a338.209 /
_bB222
100 _aBaptista Gumucio, Mariano
_912381
245 _aOtra historia de Bolivia /
260 _aLa Paz :
_bMinisterio de Educación Cultural,
_c1989.
300 _a408 páginas ;
_c22 cm.
505 _aLos antecedentes ultra marinos --Los precursores -- La guerra larga...
650 _aBolivia.
_91138
650 _aHistoria.
_9136
942 _2ddc
_cLIBROS
945 _awfj